Spider-Man: No Way Home Characters by Picture - Statistics

General Stats
  • This quiz has been taken 55 times
    41 since last reset
  • The average score is 15 of 17
Answer Stats
Picture Answer % Correct
Spider-Man
100%
Doctor Strange
97%
Michelle Jones
97%
Amazing Spider-Man
93%
Friendly Neighborhood Spider-Man
93%
Aunt May
90%
Green Goblin
90%
Lizard
90%
Ned Leeds
90%
Sandman
90%
Doctor Octopus
87%
Happy Hogan
87%
Flash Thompson
83%
Electro
80%
Venom
80%
Wong
77%
J. Jonah Jameson
73%
No matching quizzes found
Score Distribution
Percent of People with Each Score
Percentile by Number Answered
Your Score History
You have not taken this quiz since the last reset